عرض عادي عرض مارك
  • Robinson, Jeffrey A.

مدخل إسم شخص

عدد التسجيلات المستخدمة في: 1

001 - رقم الضبط

  • حقل الضبط: 17289

003 - معرف رقم الضبط

  • حقل الضبط: OSt

005 - تاريخ ووقت أخر عملية

  • حقل الضبط: 20120919090024.0

008 - عناصر بيانات ثابتة الطول

  • حقل تحكم ثابت الطول: 120919|||a|||||| | ||| d

040 ## - مصدر الفهرسة

  • هيئة الفهرسة الأصلية: OSt
  • وكالة الكتابة: OSt

100 ## - مدخل -- أسم شخص

  • إسم شخص: Robinson, Jeffrey A.

670 ## - بيانات المصدر موجوده

  • الاستشهاد بالمصدر: Work cat.: (OSt)0: Nanda, Vivek, 1977- 17287, Six Sigma software quality improvement :, c2011.